Valuation of intellectual property and intangible assets

Bibliographic Details
Main Author: Smith, Gordon V.
Other Authors: Parr, Russell L
Format: Book
Published: New York : John Wiley & Sons Inc , 1994
Edition:2nd. edition
Subjects:

MARC

LEADER 00000cam a2200000 7i4500
001 0000008062
005 20161229.0
020 |a 0471304123 
040 |a INS 
090 0 0 |a KF2979   |b S65 1994 
100 1 |a Smith, Gordon V. 
245 1 0 |a Valuation of intellectual property and intangible assets   |c Gordon V. Smith, Russell L. Parr 
250 |a 2nd. edition 
260 |a New York :   |b John Wiley & Sons Inc ,   |c 1994 
300 |a 515p. ;   |c 25 cm. 
650 0 0 |a Intangible property   |x Valuation   |z United States 
650 0 0 |a Intellectual property   |x Valuation   |z United States 
700 1 |a Parr, Russell L 
999 |a 0000022935   |b BOOK   |c Open Shelf   |e Default branch